Franko Víťazoslav Sasinek (K 160. výročiu narodenia.)

Bibliographic Details
Main Author: Marsina, Richard, 1923-2021 (Author)
Format: Article
Language:Slovak
Subjects:

MARC

LEADER 00000nab a2200000 a 4500
001 vtls000417785
003 SK-MaSNL
005 20260303102109.0
008 230120c1990 xo 0 slo
015 |a SNBRB19rr/mm-uuuuu 
035 |a CL0417910 
035 |a (urnnbn)urn:nbn:sk:snk:ar-004w91 
035 |a (uuid)fbc48a26-c5be-483f-9f40-9e733faad304 
035 |a urn:nbn:sk:snk-ab7yle 
040 |a SNKBUCL  |b slo  |c SNKBUCL  |e AACR2 
041 0 |a slo 
044 |a xo  |c SK 
080 |a 930.1-051  |2 1981 
080 |a 943.76  |2 1981 
080 |a 929 Sasinek, František Víťazoslav  |2 1981 
100 1 |a Marsina, Richard,  |d 1923-2021  |4 aut  |9 207406 
245 1 0 |a Franko Víťazoslav Sasinek  |b (K 160. výročiu narodenia.)  |c R. Marsina ; František Víťazoslav Sasinek 
600 1 7 |a Sasinek, František Víťazoslav,  |d 1830-1914,  |2 snkbucl  |9 8180 
600 1 7 |a Sasinek, František Víťazoslav,  |d 1830-1914  |2 snkbucl  |9 8180 
655 7 |a články z novín a časopisov  |2 snkbucl  |9 267496 
773 0 |t Historický časopis  |g Roč. 38, č. 6 (1990), s. 919-921 
850 |a Slovenská národná knižnica v Martine  |a MTA001 
852 |a SNK  |b KIS3GCP 
954 |a odborná, vedecká literatúra pôvodná (slovenská)  |2 lita 
958 |a OND 
958 |a BX 
958 |a RK 
958 |a EUIPO 
958 |a article9 
992 |a RBX 
999 |c 1840921  |d 1842851